000 00636nam a2200193Ia 4500
003 LDD
008 190117s9999 xx 000 0 und d
020 _a817055291
_c₹100
040 _cLDD
041 _ahi
082 _a297 आ6442-3
100 _aराजकिशोर
245 0 _aभारतीय मुसलमान मिथक और यथार्थ
_cराजकिशोर
260 _aनई दिल्ली
_bवाणी
_c1996
300 _a148
901 _aVANI
904 _aReqst by : विमल खांडेकर
942 _2ddc
_cH
999 _c168292
_d168292